States with the Lowest Total Public Road Length - Statistics

General Stats
  • This quiz has been taken 15 times
  • The average score is 6 of 10
Answer Stats
Hint Answer % Correct
50 Hawaii
92%
49 Rhode Island
92%
47 Vermont
92%
48 Delaware
85%
46 Alaska
62%
45 New Hampshire
62%
44 Connecticut
46%
43 Maine
46%
41 Maryland
31%
42 Wyoming
31%
No matching quizzes found
Score Distribution
Percent of People with Each Score
Percentile by Number Answered
Your Score History
You have not taken this quiz